000 00398nam a2200133Ia 4500
008 220217s9999||||xx |||||||||||||| ||und||
020 _a978-0-07-066919-2
082 _a005.73 KRI
100 _aKrishnamurthy, R, and kumarvel, Indirani, G
_95515
245 0 _aData structures using C
260 _aTata mcgraw hill company Ltd
_bNew Delhi
_c2008
300 _b225
650 _aDATA STRUCTURES
999 _c176518
_d176518